000 00391cam a22001217a 4500
008 180718b1987 xxu||||| |||| 00| 0 eng d
082 _aP04x54 T45e
100 _aTilak, Jandhyala B.G.
245 _aEducational finances in India
_cby B.G. Tilak
260 _aDelhi
_bNational Institute of Educational Planning and Adminstration
_c1987
300 _a73p.
650 _aEducation - Finance - India
999 _c477664
_d477664